LEADER 02186nam a2200349 u 4500 001 000000006547 003 CaOOAMICUS 005 20070226104903.0 008 941029s1994 it u000 u ita u 020 $a88-343-0558-2 (pbk.) 035 $a10169583 040 $aPUL(R)$bita 041 0 $aita$agrc 100 1 $aRadice, Roberto.$0(OLS)http://pul/name/1240 245 13$aLa filosofia di Aristobulo e i suoi nessi con il "De mundo" attribuito ad Aristotele :$bcon due appendici contenenti i frammenti di Aristobulo, traduzione a fronte e presentazione delle varianti /$cRoberto Radice ; prefazione di Abraham P. Bos. 260 $aMilano :$bVita e pensiero,$c1994. 300 $a240 p. ;$c22 cm 490 1 $aPubblicazioni del Centro di ricerche di metafisica.$aCollana Temi metafisici e problemi del pensiero antico ;$v33 500 $aComprende indici. 504 $aBibliografia: p. 231-236. 600 04$aAristobulus Iudaeus,$cdi Alessandria,$dsec. II a.C.$0(OLS)http://pul/subject/5803 600 04$aAristoteles,$d384-322 a.C.$kOpere spurie e dubbie.$tDe mundo$9(Aristoteles, 384-322 a.C. Opere spurie e dubbie).$0(OLS)http://pul/subject/5804 700 1 $aBos, Abraham P.$0(OLS)http://pul/name/6670 700 0 $aAristobulus Iudaeus,$cdi Alessandria,$dsec. II a.C.$0(OLS)http://pul/name/6669 710 2 $aUniversità cattolica del Sacro Cuore. Sede di Milano.$bCentro di ricerche di metafisica.$0(OLS)http://pul/name/668 830 0$aPubblicazioni del Centro di ricerche di metafisica.$pCollana Temi metafisici e problemi del pensiero antico ;$v33.$0(OLS)http://pul/title/828 850 $aPUL 852 $aPUL$W1$xSL Filosofia 2$y80$mPhil A10b 33$j9274$nBK-PRI$b $qStampati altre collocazioni$B9274$CPULBib$Z2$F9274 $H $81 941 1 $a10 996 $6020$a88-343-0558-2 (pbk.)$9(OLS)http://pul/number/8430 996 $6245$aLa filosofia di Aristobulo e i suoi nessi con il "De mundo" attribuito ad Aristotele :$bcon due appendici contenenti i frammenti di Aristobulo, traduzione a fronte e presentazione delle varianti$9(OLS)http://pul/title/9626 996 $6260$aMilano :$bVita e pensiero$9(OLS)http://pul/publisher/48016 LEADER 03515nam a2200469 i 4500 001 000000112135 003 CaOOAMICUS 005 20080626131504.0 008 080626s1992 fr 000 uafre c 020 $a2-204-04527-6 (Cerf) 020 $a2-220-03312-0 (DDB) 040 $aPUL$bita$dLDB 100 0 $aTeresia a Iesu Infante,$csanta,$d1873-1897.$0(OLS)http://pul/name/34344 245 10$aManuscrits autobiographiques /$cSainte Thérèse de l'Enfant-Jésus et de la Sainte-Face. 250 $aEdition critique. 260 $aParis :$bCerf ;$a[S.l.] :$bDesclée,$c1992. 300 $a459 p. ;$c20 cm. 490 1 $aÉdition critique des Oeuvres completes de Sainte Therese de l'Enfant-Jesus et de la Sainte-Face (Nouvelle édition) 500 $aIn custodia. 504 $aInclude indici e riferimenti bibliografici. 600 04$aTheresia a Iesu Infante,$cs.,$d1873-1897$xAutobiografia.$0(OLS)http://pul/subject/19907 777 1 $aTeresia a Iesu Infante, santa, 1873-1897.$tCorrespondance générale.$b2è éd. revue et corrigée.$dParis : Cerf ; [S.l.] : Desclée, 1992.$kTeresia a Iesu Infante, santa, 1873-1897 Opera omnia$z2-204-04529-2$z2-220-03314-7$w()112136 777 1 $aTeresia a Iesu Infante, santa, 1873-1897.$tPremière "Histoire d'une âme" de 1898.$dParis : Cerf ; [S.l.] : Desclée, 1992.$kTeresia a Iesu Infante, santa, 1873-1897 Opera omnia$z2-204-04528-4$z2-220-03313-9$w()112137 777 1 $aTeresia a Iesu Infante, santa, 1873-1897.$tPoésies.$bNouvelle édition.$dParis : Cerf ; [S.l.] : Desclée, 1992.$kTeresia a Iesu Infante, santa, 1873-1897 Opera omnia$z2-204-04530-6$z2-220-03315-5$w()112138 777 1 $aTeresia a Iesu Infante, santa, 1873-1897.$tRécréations pieuses ; Prières.$bNouvelle édition.$dParis : Cerf ; [S.l.] : Desclée, 1992.$kTeresia a Iesu Infante, santa, 1873-1897 Opera omnia$z2-220-03316-3$w()112139 777 1 $aTeresia a Iesu Infante, santa, 1873-1897.$tDerniers entretiens avec ses soeurs mère Agnès de Jésus, soeur Geneviève, soeur Marie du Sacré-Coeur et témoignages divers.$b2è éd. revue et corrigée.$dParis : Cerf ; [S.l.] : Desclée, 1992.$kTeresia a Iesu Infante, santa, 1873-1897 Opera omnia$z2-204-04532-2$z2-220-03317-1$w()112140 777 1 $aTeresia a Iesu Infante, santa, 1873-1897.$tDernieres paroles.$b2è éd. revue et corrigée.$dParis : Cerf ; [S.l.] : Desclée, 1992.$kTeresia a Iesu Infante, santa, 1873-1897 Opera omnia$z2-204-04533-0$w()112141 800 0 $aTeresia a Iesu Infante,$csanta,$d1873-1897.$tOpera omnia.$0(OLS)http://pul/nameTitle/794$0(OLS)http://pul/name/34344$0(OLS)http://pul/title/2415 850 $aPUL 852 $aPUL$W1$xDP1 Religione 1$y20$m639 F 48$j128381$qStampati$B127229$CPULBib$Z2$F127229 $H75940 $82 900 $aTeresa di Lisieux,$cs.,$d1873-1897$934344 900 $aTeresa di Gesù Bambino,$cs.,$d1873-1897$934344 900 $aTeresia a Iesu Infante,$cs.,$d1873-1897$934344 900 $aTeresa di Lisieux,$cs.,$d1873-1897$934344 900 $aTeresa di Gesù Bambino,$cs.,$d1873-1897$934344 900 $aTeresia a Iesu Infante,$cs.,$d1873-1897$934344 941 1 $a8 996 $6020$a2-204-04527-6 (Cerf)$9(OLS)http://pul/number/138216 996 $6020$a2-220-03312-0 (DDB)$9(OLS)http://pul/number/138217 996 $6245$aManuscrits autobiographiques$9(OLS)http://pul/title/135055 996 $6260$aParis :$bCerf$9(OLS)http://pul/publisher/48238 996 $6260$a[S.l.] :$bDesclée$9(OLS)http://pul/publisher/56139